Vista normal Vista MARC

Entrada Personal Name

Número de registros utilizados en: 1

001 - CONTROL NUMBER

  • control field: 4492

003 - CONTROL NUMBER IDENTIFIER

  • control field: OSt

005 - DATE AND TIME OF LATEST TRANSACTION

  • control field: 20200518151347.0

008 - FIXED-LENGTH DATA ELEMENTS

  • fixed length control field: 200518|| aca||aabn | a|a d

040 ## - CATALOGING SOURCE

  • Original cataloging agency: OSt
  • Transcribing agency: OSt

100 ## - HEADING--PERSONAL NAME

  • Personal name: Muñoz Sánchez, Elkin Antonio,

670 ## - SOURCE DATA FOUND

  • Source citation: Work cat.: (OSt)3783: Pereira J., Eduard, autor 4490, Entre los dedos / , 2016